| 000 | 00545nam a22001937a 4500 | ||
|---|---|---|---|
| 005 | 20251108175343.0 | ||
| 008 | 250721s2012 xx 000 0 ara d | ||
| 020 | _a9789953530413 | ||
| 082 | 1 | 4 | _aم/220.6/آرث |
| 100 | 1 | _aآرثر، جون ماك | |
| 245 | 1 | 0 | _aتفسير الكتاب المقدس / |
| 264 | 1 |
_aبيروت : _bدار منهل الحياة، _c2012. |
|
| 300 | _a2389 ص. | ||
| 650 | 1 | 7 | _aالكتاب المقدس |
| 650 | 1 | 7 | _aالتفسير |
| 650 | 1 | 7 | _aالمسيحية |
| 942 |
_2ddc _cREF |
||
| 999 |
_c132144 _d132144 |
||